Statistics for Former Countries of the British Empire

Click here to take the quiz!

General Stats

  • This quiz has been taken 42 times
  • The average score is 42 of 63

Answer Stats

Country% Correct
India
97%
Pakistan
94%
Canada
89%
United States of America
89%
Australia
86%
New Zealand
86%
South Africa
86%
Zimbabwe
78%
Barbados
75%
Singapore
75%
Sudan
75%
Zambia
75%
Belize
72%
Fiji
72%
Kenya
72%
Nigeria
72%
Tanzania
72%
Antigua and Barbuda
69%
Bahamas
69%
Egypt
69%
Jamaica
69%
Malta
69%
Saint Kitts and Nevis
69%
Saint Vincent and the Grenadines
69%
Bahrain
67%
Guyana
67%
Lesotho
67%
Oman
67%
Yemen
67%
Botswana
64%
Cyprus
64%
Eswatini
64%
Iraq
64%
Malaysia
64%
Seychelles
64%
Trinidad and Tobago
64%
Uganda
64%
United Arab Emirates
64%
Brunei
61%
Grenada
61%
Kuwait
61%
Sri Lanka
61%
Tuvalu
61%
Vanuatu
61%
Afghanistan
58%
Gambia
58%
Ghana
58%
Maldives
58%
Myanmar
58%
Qatar
58%
Dominica
56%
Jordan
56%
Kiribati
56%
Mauritius
56%
Nauru
56%
Saint Lucia
56%
Sierra Leone
56%
Solomon Islands
56%
Tonga
56%
Libya
53%
Israel
50%
Cameroon
44%
Malawi
42%

Score Distribution

Percentile by Number Answered

Percent of People with Each Score

Your Score History

You have not taken this quiz